| 000 | 00695nam a2200205 a 4500 | ||
|---|---|---|---|
| 001 | 000028479 | ||
| 005 | 20240412074253.0 | ||
| 008 | 110408s1987 dr a r 000 p spa d | ||
| 040 |
_aDO-SdBNP _bspa _cBNPHU |
||
| 082 |
_aRD861.44 _bM492a |
||
| 100 | 1 |
_aMedrano, Marianela, _d1964- _938289 |
|
| 245 | 1 | 4 |
_aLos alegres ojos de la tristeza / _cMarianela Medrano. |
| 260 |
_aSanto Domingo : _bBúho, _c1987. |
||
| 300 |
_a69 p. : _bil. ; _c20 cm. |
||
| 500 | _aIncluye datos biográficos de la autora en la solapa de la contracubierta. | ||
| 590 | _aInventariado, 2018/BT | ||
| 650 | 0 |
_aPoesía dominicana _966 |
|
| 650 | 0 |
_aLiteratura dominicana. _967 |
|
| 910 | _aValidado. Control de calidad. MFF | ||
| 999 |
_c27971 _d27971 |
||